000 00681nam a2200277Ia 4500
005 20260324120244.0
008 008 260324s9999 xx 000 0 eng d
020 _a9781315818146
037 _aEBOOK
040 _aCRL
040 _beng
040 _cCRL
041 _2eng
041 _aeng
084 _qCRL
100 _aAhu Tatli; Mustafa Ozbilgin; Mine Karatas-Ozkan
_91157839
245 0 _aPierre Bourdieu, Organization, and Management
260 _bTaylor and Francis
260 _c2015
365 _a
365 _b280
856 _uhttp://www.taylorfrancis.com/books/9781315818146
942 _cEBOOK
999 _c1749283
_d1749283